[Event "Plateau 1"]
[Site "Montreal CAN"]
[Date "2001.06.16"]
[Round "1"]
[White "Ochkoos, Jura"]
[Black "Ouimet, Bernard"]
[Result "1-0"]
[WhiteElo "2420"]
[BlackElo "2047"]
[PlyCount "93"]
[GameId "2160767911564460"]
[EventDate "2001.06.16"]
[EventType "swiss"]
[EventRounds "4"]
[EventCountry "CAN"]

1. d4 Nf6 2. c4 g6 3. Nc3 Bg7 4. e4 d6 5. Nf3 O-O 6. Be2 e5 7. d5 Nbd7 8. Be3 Nc5 9. Nd2 a5 10. O-O Ne8 11. a3 f5 12. f3 f4 13. Bf2 b6 14. b4 Nd7 15. Na4 Qe7 16. c5 axb4 17. axb4 Rb8 18. cxb6 Nxb6 19. Nxb6 cxb6 20. Nc4 b5 21. Na5 Bd7 22. Nc6 Bxc6 23. dxc6 Nc7 24. Ra7 Rfc8 25. Qd2 Bf8 26. Rd1 Kh8 27. Qb2 Qe6 28. g3 g5 29. Bd3 Be7 30. g4 Bd8 31. Bb1 Ra8 32. Ba2 Qg6 33. Rb7 Rcb8 34. Rxb8 Rxb8 35. Bb3 Ne8 36. Qa2 Bc7 37. Ra1 Qf6 38. Qd2 Qe7 39. Ra7 Nf6 40. Qa2 Qd8 41. Be6 Bb6 42. Rb7 Bxf2+ 43. Qxf2 Rxb7 44. cxb7 Qb8 45. Qb6 Ne8 46. Bd7 Nc7 47. Qxd6 1-0

[Event "Plateau 1"]
[Site "Montreal CAN"]
[Date "2001.??.??"]
[Round "2"]
[White "Cuartas, Carlos"]
[Black "Linskiy, Oleg"]
[Result "1-0"]
[WhiteElo "2350"]
[BlackElo "2470"]
[PlyCount "121"]
[GameId "2160767911564461"]
[EventDate "2001.06.16"]
[EventType "swiss"]
[EventRounds "4"]
[EventCountry "CAN"]
[SourceTitle "EXT 2005"]
[Source "ChessBase"]
[SourceDate "2004.11.15"]
[SourceVersion "1"]
[SourceVersionDate "2004.11.15"]
[SourceQuality "1"]

1. e4 e5 2. Nf3 d6 3. d4 Nf6 4. Nc3 Nbd7 5. Bc4 Be7 6. O-O O-O 7. a4 c6 8. a5 Rb8 9. Re1 b5 10. axb6 axb6 11. d5 b5 12. dxc6 bxc4 13. cxd7 Bxd7 14. Qe2 Qc7 15. Nh4 g6 16. Qf3 Be6 17. Bh6 Rfd8 18. Nf5 Bxf5 19. exf5 Rxb2 20. Bg5 Rxc2 21. fxg6 hxg6 22. Nb5 Qb6 23. Bxf6 Rxf2 24. Qxf2 Qxf2+ 25. Kxf2 Bxf6 26. Ra6 Bh4+ 27. g3 Be7 28. Nc3 Rc8 29. Rb1 Bf8 30. Rb7 Kg7 31. Raa7 d5 32. Rxf7+ Kh6 33. Nxd5 Bc5+ 34. Ke2 Bxa7 35. Rxa7 Kg5 36. Ne3 c3 37. h4+ Kf6 38. Kd3 e4+ 39. Kc2 Ke5 40. Rd7 Rf8 41. Nc4+ Kf5 42. Rd5+ Kg4 43. Rg5+ Kf3 44. Rxg6 e3 45. Nxe3 Kxe3 46. Kxc3 Rc8+ 47. Kb4 Rh8 48. Rg5 Ke4 49. h5 Rh7 50. Kc5 Rh6 51. g4 Kf4 52. Rg6 Rh8 53. h6 Ke5 54. g5 Rc8+ 55. Kb6 Kf5 56. Rg7 Rc1 57. h7 Rb1+ 58. Ka5 Rh1 59. g6 Rh5 60. Rg8 Kf6+ 61. Kb6 1-0

[Event "Plateau 2"]
[Site "Montreal CAN"]
[Date "2001.09.22"]
[Round "1"]
[White "Moskvitch, Andrei"]
[Black "Tisseur, Daniel"]
[Result "1-0"]
[WhiteElo "2200"]
[BlackElo "1884"]
[PlyCount "55"]
[GameId "2160767911485183"]
[EventDate "2001.09.22"]
[EventType "swiss"]
[EventRounds "4"]
[EventCountry "CAN"]

1. e4 c5 2. Nf3 Nc6 3. d4 cxd4 4. Nxd4 g6 5. c4 Nf6 6. Nc3 Nxd4 7. Qxd4 Bg7 8. Be2 d6 9. O-O O-O 10. Qd3 Be6 11. Rb1 a6 12. a4 Rc8 13. b3 Nd7 14. Nd5 Nc5 15. Qe3 f5 16. exf5 Rxf5 17. Bg4 Re5 18. Bxe6+ Nxe6 19. Qh3 Rf5 20. Re1 Be5 21. f4 Qa5 22. Be3 Bxf4 23. Nxe7+ Kh8 24. Nxg6+ Kg7 25. Nxf4 Nxf4 26. Bxf4 Rcf8 27. Bh6+ Kg8 28. Qg4+ 1-0

[Event "Plateau 2"]
[Site "Montreal CAN"]
[Date "2001.09.22"]
[Round "1"]
[White "Ouellet-Leveille, Clement"]
[Black "Grondin, Jean-Philippe"]
[Result "0-1"]
[WhiteElo "1886"]
[BlackElo "2242"]
[PlyCount "68"]
[GameId "2160767911485184"]
[EventDate "2001.09.22"]
[EventType "swiss"]
[EventRounds "4"]
[EventCountry "CAN"]

1. e4 e5 2. Nf3 Nc6 3. Bc4 Nf6 4. d4 exd4 5. O-O d6 6. Nxd4 Be7 7. Nc3 O-O 8. Bf4 Ne5 9. Qe2 Nxc4 10. Qxc4 c5 11. Nf3 Be6 12. Qe2 d5 13. exd5 Nxd5 14. Nxd5 Qxd5 15. Ne5 Qd4 16. Bg3 Qxb2 17. Rfb1 Qc3 18. Qe1 Qxe1+ 19. Rxe1 Bf6 20. Rab1 b6 21. a4 Bf5 22. Rbc1 Rfe8 23. f4 Re6 24. Red1 g5 25. Re1 Rae8 26. Nf3 h6 27. Rxe6 Rxe6 28. fxg5 hxg5 29. Re1 Bxc2 30. Rxe6 fxe6 31. Bb8 g4 32. Ne1 Bxa4 33. Bxa7 Bd4+ 34. Kh1 c4 0-1

[Event "Plateau 2"]
[Site "Montreal CAN"]
[Date "2001.09.22"]
[Round "2"]
[White "Grondin, Jean-Philippe"]
[Black "Dumouchel, Alain"]
[Result "1/2-1/2"]
[WhiteElo "2242"]
[BlackElo "1984"]
[PlyCount "63"]
[GameId "2160767911485186"]
[EventDate "2001.09.22"]
[EventType "swiss"]
[EventRounds "4"]
[EventCountry "CAN"]

1. e4 e5 2. Nf3 Nc6 3. Bb5 a6 4. Ba4 Nf6 5. O-O b5 6. Bb3 Bc5 7. c3 d6 8. d4 Bb6 9. Bg5 h6 10. Bh4 g5 11. Bg3 g4 12. dxe5 gxf3 13. exf6 fxg2 14. Re1 Qxf6 15. Qd5 Ne5 16. Qxa8 Nf3+ 17. Kxg2 O-O 18. Qd5 Nxe1+ 19. Kf1 Nf3 20. Qh5 Re8 21. Bd1 Ng5 22. Nd2 d5 23. Bg4 Bb7 24. e5 Rxe5 25. h4 Nf3 26. Bxe5 Nxd2+ 27. Ke1 Qxf2+ 28. Kd1 Nc4 29. Be2 Nxe5 30. Qxe5 Qg1+ 31. Kc2 Qxa1 32. Qe8+ 1/2-1/2

[Event "Plateau 2"]
[Site "Montreal CAN"]
[Date "2001.09.22"]
[Round "2"]
[White "Larochelle, Martial"]
[Black "Gravel, Simon M"]
[Result "1-0"]
[WhiteElo "2123"]
[BlackElo "2253"]
[PlyCount "65"]
[GameId "2160767911485187"]
[EventDate "2001.09.22"]
[EventType "swiss"]
[EventRounds "4"]
[EventCountry "CAN"]

1. c4 Nf6 2. g3 c6 3. Nf3 d5 4. b3 g6 5. Bb2 Bg7 6. Bg2 O-O 7. O-O a5 8. d3 Na6 9. Nbd2 Re8 10. a3 h6 11. Rc1 Nh7 12. Bxg7 Kxg7 13. Qc2 Nf6 14. Qb2 Kg8 15. b4 axb4 16. axb4 Qb6 17. Rb1 Bd7 18. e4 dxe4 19. dxe4 Red8 20. Qc3 Be8 21. e5 Nh5 22. c5 Qc7 23. Qe3 Kh7 24. Nc4 Qb8 25. Nb6 Ra7 26. e6 f6 27. Rfe1 Nc7 28. Nd4 Ng7 29. Rbd1 Ra2 30. Be4 Rxd4 31. Qxd4 Ngxe6 32. Qc4 Qa7 33. Bb1 1-0

[Event "Plateau 2"]
[Site "Montreal CAN"]
[Date "2001.09.22"]
[Round "2"]
[White "Libersan, Thierry"]
[Black "Moskvitch, Andrei"]
[Result "1/2-1/2"]
[WhiteElo "1821"]
[BlackElo "2200"]
[PlyCount "57"]
[GameId "2160767911485188"]
[EventDate "2001.09.22"]
[EventType "swiss"]
[EventRounds "4"]
[EventCountry "CAN"]

1. e4 c5 2. Nf3 e6 3. d4 cxd4 4. Nxd4 Nf6 5. Nc3 d6 6. Be2 Be7 7. O-O a6 8. a4 Qc7 9. f4 O-O 10. Be3 Nc6 11. Qe1 Nxd4 12. Bxd4 e5 13. Be3 exf4 14. Rxf4 Be6 15. a5 Nd7 16. Rf1 Rfe8 17. Qd2 Bf8 18. Na4 Bc4 19. Nb6 Nxb6 20. Bxb6 Qc6 21. Bd3 d5 22. exd5 Bxd5 23. Qf2 Qh6 24. Ra4 Qe6 25. Rh4 g6 26. Bd4 Bg7 27. c3 Bxd4 28. Rxd4 Bc6 29. Bc4 1/2-1/2

[Event "Plateau 2"]
[Site "Montreal CAN"]
[Date "2001.09.22"]
[Round "2"]
[White "Masse, Hugues"]
[Black "Tisseur, Daniel"]
[Result "1-0"]
[WhiteElo "2158"]
[BlackElo "1884"]
[PlyCount "67"]
[GameId "2160767911485189"]
[EventDate "2001.09.22"]
[EventType "swiss"]
[EventRounds "4"]
[EventCountry "CAN"]

1. e4 c5 2. Nf3 Nc6 3. d4 cxd4 4. Nxd4 g6 5. c4 Bg7 6. Be3 d6 7. Nc3 Nf6 8. Be2 O-O 9. O-O Ne5 10. f3 a6 11. Qd2 Bd7 12. Rac1 Rc8 13. b3 h5 14. Rfd1 h4 15. Kh1 Kh7 16. Nc2 Rh8 17. Nd5 Nh5 18. Bg5 h3 19. Bxe7 hxg2+ 20. Kxg2 Qe8 21. f4 Nc6 22. Bxd6 Qxe4+ 23. Bf3 Qe6 24. Bxh5 Qh3+ 25. Kh1 Qxh5 26. Nce3 Rce8 27. Qf2 Kg8 28. Rg1 Nd4 29. Rg3 Bc6 30. Re1 Re6 31. Bb4 Qh4 32. Kg1 Re4 33. h3 Bxd5 34. Nxd5 1-0

[Event "Plateau 2"]
[Site "Montreal CAN"]
[Date "2001.09.22"]
[Round "2"]
[White "Mikanovic, Goran"]
[Black "Ouellet-Leveille, Clement"]
[Result "1-0"]
[WhiteElo "2342"]
[BlackElo "1886"]
[PlyCount "71"]
[GameId "2160767911485190"]
[EventDate "2001.09.22"]
[EventType "swiss"]
[EventRounds "4"]
[EventCountry "CAN"]

1. d4 Nf6 2. c4 e6 3. Nc3 c5 4. d5 exd5 5. cxd5 d6 6. e4 g6 7. Bd3 Bg7 8. h3 a6 9. a4 O-O 10. Nf3 Qc7 11. O-O Nbd7 12. Re1 Re8 13. Bf4 Nh5 14. Bh2 Ne5 15. Be2 Nxf3+ 16. Bxf3 Nf6 17. e5 dxe5 18. d6 Qd8 19. Bxe5 Ra7 20. Bxf6 Bxf6 21. Nd5 Rxe1+ 22. Qxe1 Be6 23. Rd1 Bd4 24. Rxd4 cxd4 25. Ne7+ Kf8 26. Qe5 Ke8 27. Qxd4 Qa8 28. a5 f5 29. Qh8+ Kd7 30. Nxg6 Qd8 31. Qd4 hxg6 32. Qxa7 Qc8 33. Bxb7 Qc1+ 34. Kh2 Qxb2 35. Bc8+ Kxd6 36. Qxa6+ 1-0

[Event "Plateau 2"]
[Site "Montreal CAN"]
[Date "2001.09.23"]
[Round "3"]
[White "Charbonneau, Anne-Marie"]
[Black "Gauthier, Denis"]
[Result "1-0"]
[WhiteElo "1933"]
[BlackElo "1915"]
[PlyCount "71"]
[GameId "2160767911485193"]
[EventDate "2001.09.22"]
[EventType "swiss"]
[EventRounds "4"]
[EventCountry "CAN"]

1. d4 Nf6 2. c4 e6 3. Nc3 Bb4 4. Qc2 O-O 5. a3 Bxc3+ 6. Qxc3 b6 7. Nf3 d6 8. g3 Bb7 9. Bg2 Nbd7 10. O-O c5 11. b4 Rc8 12. Bb2 Qe7 13. Rfd1 Rfd8 14. Rac1 Rc7 15. h4 Rdc8 16. dxc5 bxc5 17. b5 e5 18. e3 Ne4 19. Qd3 f5 20. Ng5 Nxg5 21. hxg5 Bxg2 22. Kxg2 Qxg5 23. Qxd6 Nf6 24. Bxe5 Rf7 25. Qe6 Rcf8 26. Rd3 h5 27. Rh1 Kh7 28. Rh4 Qg6 29. Bxf6 Rxf6 30. Qd5 Qe8 31. Qxc5 Qa8+ 32. Qd5 Qe8 33. Qf3 g6 34. Rhd4 R8f7 35. Qd5 Kh6 36. Qd8 1-0

[Event "Plateau 2"]
[Site "Montreal CAN"]
[Date "2001.09.23"]
[Round "3"]
[White "Gravel, Simon M"]
[Black "Masse, Hugues"]
[Result "1-0"]
[WhiteElo "2253"]
[BlackElo "2158"]
[PlyCount "40"]
[GameId "2160767911485194"]
[EventDate "2001.09.22"]
[EventType "swiss"]
[EventRounds "4"]
[EventCountry "CAN"]

1. e4 e5 2. f4 exf4 3. Nf3 d5 4. exd5 Nf6 5. Bc4 Bd6 6. Qe2+ Qe7 7. Qxe7+ Kxe7 8. O-O Re8 9. d4 Nbd7 10. Bb3 b5 11. Nc3 a6 12. Re1+ Kf8 13. Rxe8+ Kxe8 14. Bd2 Kf8 15. Re1 Bb7 16. Ne5 Nb6 17. Bxf4 Nbxd5 18. Nxd5 Nxd5 19. Nd7+ Kg8 20. Bxd6 cxd6 1-0

[Event "Plateau 2"]
[Site "Montreal CAN"]
[Date "2001.09.23"]
[Round "3"]
[White "Grondin, Jean-Philippe"]
[Black "Libersan, Thierry"]
[Result "1-0"]
[WhiteElo "2242"]
[BlackElo "1821"]
[PlyCount "25"]
[GameId "2160767911485195"]
[EventDate "2001.09.22"]
[EventType "swiss"]
[EventRounds "4"]
[EventCountry "CAN"]

1. e4 c5 2. Nf3 e6 3. d4 cxd4 4. Nxd4 Nf6 5. Nc3 Bb4 6. Bd3 a6 7. O-O e5 8. Nf5 Bxc3 9. Nxg7+ Ke7 10. Bg5 d6 11. Nh5 Nbd7 12. Nxf6 Nxf6 13. Qf3 1-0

[Event "Plateau 2"]
[Site "Montreal CAN"]
[Date "2001.09.23"]
[Round "3"]
[White "Mikanovic, Goran"]
[Black "Chabot, Roland"]
[Result "0-1"]
[WhiteElo "2273"]
[BlackElo "2225"]
[PlyCount "54"]
[GameId "2160767911485198"]
[EventDate "2001.09.22"]
[EventType "swiss"]
[EventRounds "4"]
[EventCountry "CAN"]
[SourceTitle "EXT 2005"]
[Source "ChessBase"]
[SourceDate "2004.11.15"]
[SourceVersion "1"]
[SourceVersionDate "2004.11.15"]
[SourceQuality "1"]

1. d4 Nf6 2. c4 d6 3. Nf3 Nbd7 4. Nc3 c6 5. e4 e5 6. Be2 Be7 7. O-O O-O 8. Re1 a6 9. Rb1 Qc7 10. Bf1 Re8 11. b4 Bf8 12. Bd2 b5 13. cxb5 exd4 14. Nxd4 axb5 15. Bg5 Ne5 16. Bxf6 gxf6 17. Re3 Kh8 18. Nf5 Bxf5 19. exf5 d5 20. Rh3 Bg7 21. Qh5 h6 22. Rd1 Nc4 23. Rdd3 Re1 24. Rdg3 Qf4 25. Qxf7 Rxf1+ 26. Kxf1 Qc1+ 27. Ke2 Rxa2+ 0-1

[Event "Plateau 2"]
[Site "Montreal CAN"]
[Date "2001.09.23"]
[Round "3"]
[White "Moskvitch, Andrei"]
[Black "Larochelle, Martial"]
[Result "0-1"]
[WhiteElo "2200"]
[BlackElo "2123"]
[PlyCount "70"]
[GameId "2160767911485199"]
[EventDate "2001.09.22"]
[EventType "swiss"]
[EventRounds "4"]
[EventCountry "CAN"]

1. e4 c5 2. Nf3 d6 3. d4 cxd4 4. Nxd4 Nf6 5. Nc3 a6 6. a4 Nc6 7. Be2 e5 8. Nb3 Be7 9. O-O O-O 10. Bg5 Be6 11. Bxf6 Bxf6 12. Nd5 Bg5 13. c3 Rc8 14. a5 Ne7 15. Nb6 Rc6 16. Bg4 d5 17. Bxe6 fxe6 18. Qe2 Rd6 19. Rfd1 Rxb6 20. axb6 Qxb6 21. Na5 Rxf2 22. Qxf2 Be3 23. Rf1 dxe4 24. Nc4 Bxf2+ 25. Rxf2 Qc5 26. Na3 Nd5 27. g3 Ne3 28. Kh1 Ng4 29. Re2 e3 30. h3 Qd5+ 31. Kg1 Qf3 32. Rg2 Nf2 33. Kh2 Nxh3 34. Re1 Nf2 35. Rgg1 e4 0-1

[Event "Plateau 2"]
[Site "Montreal CAN"]
[Date "2001.09.23"]
[Round "4"]
[White "Chabot, Roland"]
[Black "Gravel, Simon M"]
[Result "1/2-1/2"]
[WhiteElo "2174"]
[BlackElo "2253"]
[PlyCount "86"]
[GameId "2160767911485200"]
[EventDate "2001.09.22"]
[EventType "swiss"]
[EventRounds "4"]
[EventCountry "CAN"]

1. d4 Nf6 2. c4 g6 3. Nc3 d5 4. Nf3 Bg7 5. Bg5 Ne4 6. cxd5 Nxg5 7. Nxg5 e6 8. Nf3 exd5 9. e3 O-O 10. b4 c6 11. Bd3 a5 12. b5 c5 13. O-O Be6 14. Rc1 Nd7 15. dxc5 Nxc5 16. Nd4 Rc8 17. Be2 Qd6 18. Bf3 Nd7 19. Nde2 Nb6 20. Qd3 Rfd8 21. Nd4 Nc4 22. Nce2 Ne5 23. Qb1 Rc4 24. Rxc4 Nxf3+ 25. Nxf3 dxc4 26. Nfd4 f5 27. Rc1 Bf7 28. g3 Rc8 29. Rc3 Bd5 30. Qc1 Rd8 31. Rc2 Bf8 32. Nf4 Bf7 33. h4 Qe5 34. a4 Bb4 35. Kh2 Qe4 36. f3 Qe5 37. Rxc4 Bxc4 38. Qxc4+ Kh8 39. Nfe6 Re8 40. Qb3 Be7 41. f4 Qd6 42. h5 Bf6 43. h6 Bxd4 1/2-1/2

[Event "Plateau 2"]
[Site "Montreal CAN"]
[Date "2001.09.23"]
[Round "4"]
[White "Charbonneau, Anne-Marie"]
[Black "Moskvitch, Andrei"]
[Result "0-1"]
[WhiteElo "1933"]
[BlackElo "2200"]
[PlyCount "58"]
[GameId "2160767911485201"]
[EventDate "2001.09.22"]
[EventType "swiss"]
[EventRounds "4"]
[EventCountry "CAN"]

1. d4 d5 2. c4 e6 3. Nc3 c5 4. cxd5 exd5 5. Nf3 Nc6 6. e3 Nf6 7. Be2 cxd4 8. Nxd4 Bc5 9. Nxc6 bxc6 10. O-O O-O 11. b3 Re8 12. Bb2 a5 13. Na4 Ba7 14. Rc1 Qd6 15. Bf3 Ne4 16. Qc2 Bd7 17. g3 Rac8 18. Rfe1 Qh6 19. Ba3 Ng5 20. Bg2 Bg4 21. Qd3 Nf3+ 22. Bxf3 Bxf3 23. Qf1 Re4 24. h3 Rh4 25. Kh2 Rh5 26. Nc5 Bg4 27. h4 Rxh4+ 28. gxh4 Qxh4+ 29. Kg1 Bf3 0-1

[Event "Plateau 2"]
[Site "Montreal CAN"]
[Date "2001.09.23"]
[Round "4"]
[White "Masse, Hugues"]
[Black "Libersan, Thierry"]
[Result "0-1"]
[WhiteElo "2168"]
[BlackElo "1821"]
[PlyCount "119"]
[GameId "2160767911485203"]
[EventDate "2001.09.22"]
[EventType "swiss"]
[EventRounds "4"]
[EventCountry "CAN"]

1. e4 c5 2. Nf3 e6 3. d4 cxd4 4. Nxd4 Nf6 5. Nc3 Bb4 6. e5 Nd5 7. Bd2 Bxc3 8. bxc3 a6 9. Qg4 g6 10. h4 h5 11. Qg3 Qc7 12. Be2 b5 13. a4 bxa4 14. Rxa4 Bb7 15. O-O Nc6 16. Nxc6 Qxc6 17. Rc4 Qb6 18. Bg5 a5 19. Ra4 Qb2 20. c4 Nc3 21. Bf3 Nxa4 22. Qf4 f5 23. exf6 O-O 24. Bxh5 gxh5 25. Qg3 Kh8 26. Qd6 Rf7 27. Qd3 Rxf6 28. c3 Qxc3 29. Qxc3 Nxc3 30. Bxf6+ Kh7 31. Bxc3 a4 32. Ra1 Kg6 33. Ra3 Kf5 34. f3 Bc6 35. Kf2 Rb8 36. Ke3 Rb1 37. Kf2 Rh1 38. Kg3 e5 39. Bd2 e4 40. Bg5 Rf1 41. Be7 Rc1 42. c5 Rc2 43. Bd6 Rb2 44. Bf8 Rb3 45. Rxb3 axb3 46. fxe4+ Kxe4 47. Bg7 Bd5 48. Bh8 Be6 49. Bg7 Bg4 50. Bh8 Kd3 51. Kf4 Kc2 52. Ke4 b2 53. Bxb2 Kxb2 54. Kd5 Kc3 55. c6 dxc6+ 56. Kxc6 Kd4 57. Kd6 Ke4 58. Ke7 Kf4 59. Kf6 Kg3 60. Kg5 0-1

[Event "Plateau 2"]
[Site "Montreal CAN"]
[Date "2001.09.23"]
[Round "4"]
[White "Tessier, Olivier"]
[Black "Dumouchel, Alain"]
[Result "0-1"]
[WhiteElo "2180"]
[BlackElo "1984"]
[PlyCount "70"]
[GameId "2160767911485204"]
[EventDate "2001.09.22"]
[EventType "swiss"]
[EventRounds "4"]
[EventCountry "CAN"]

1. Nf3 Nf6 2. g3 g6 3. b4 Bg7 4. Bb2 O-O 5. c4 d6 6. Bg2 c5 7. bxc5 dxc5 8. O-O Nc6 9. d3 Bf5 10. Nbd2 Qd7 11. Re1 Rad8 12. Nb3 b6 13. a4 Bh3 14. Bh1 Qc7 15. a5 e5 16. axb6 axb6 17. Nbd2 Bh6 18. Qa4 Ng4 19. Ne4 f6 20. Qb5 Nb4 21. Reb1 Rb8 22. Qa4 Qe7 23. Nc3 f5 24. e3 e4 25. Ne1 Nxe3 26. dxe4 fxe4 27. Nxe4 Ng4 28. Qa7 Rb7 29. Qxb7 Qxb7 30. Nf6+ Rxf6 31. Bxb7 Rxf2 32. Bg2 Be3 33. Kh1 Nd3 34. Bd5+ Kf8 35. Ng2 Nxb2 0-1

[Event "Quebec op"]
[Site "Montreal CAN"]
[Date "2001.07.21"]
[Round "1"]
[White "Audet-Bouchard, Nicolas"]
[Black "Tessier, Olivier"]
[Result "0-1"]
[WhiteElo "2069"]
[BlackElo "2060"]
[PlyCount "54"]
[GameId "2160767911555403"]
[EventDate "2001.07.21"]
[EventType "swiss"]
[EventRounds "9"]
[EventCountry "CAN"]

1. e4 c5 2. Nf3 Nf6 3. Nc3 Nc6 4. d4 cxd4 5. Nxd4 e6 6. Be3 Qc7 7. Bd3 Be7 8. O-O a6 9. a4 O-O 10. Nb3 b6 11. g4 Bb7 12. g5 Ne8 13. f4 Rd8 14. Qh5 g6 15. Qh6 f6 16. f5 Ne5 17. fxg6 hxg6 18. Bf4 Rf7 19. Kh1 Rh7 20. Qxg6+ Nxg6 21. Bxc7 Nxc7 22. gxf6 Bd6 23. Rf2 Kf7 24. Nd2 Rdh8 25. Nf3 Rh5 26. Rg1 Bc5 27. e5 Bxf3+ 0-1

[Event "Quebec op"]
[Site "Montreal CAN"]
[Date "2001.07.21"]
[Round "1"]
[White "Bannon, Eric"]
[Black "Vaingorten, Yaaqov"]
[Result "1/2-1/2"]
[WhiteElo "2160"]
[BlackElo "2321"]
[PlyCount "56"]
[GameId "2160767911555404"]
[EventDate "2001.07.21"]
[EventType "swiss"]
[EventRounds "9"]
[EventCountry "CAN"]

1. e4 e6 2. d4 d5 3. exd5 exd5 4. c4 Nf6 5. Bd3 Be7 6. Ne2 O-O 7. O-O dxc4 8. Bxc4 Nbd7 9. Nbc3 Nb6 10. Bb3 c6 11. Re1 Bg4 12. f3 Bf5 13. Ng3 Bg6 14. f4 Bd6 15. Rf1 h6 16. f5 Bh7 17. Be3 Re8 18. Qf3 Kf8 19. Rae1 Qc7 20. Kh1 Rad8 21. Nce4 Nbd5 22. Bxd5 Nxd5 23. f6 Bxg3 24. fxg7+ Kxg7 25. Nxg3 Bg6 26. Bd2 Qd7 27. Ne2 Re6 28. Nf4 Rxe1 1/2-1/2

[Event "Quebec op"]
[Site "Montreal CAN"]
[Date "2001.07.21"]
[Round "1"]
[White "Barbeau, Sylvain"]
[Black "Beaulieu, Eric"]
[Result "1-0"]
[WhiteElo "2490"]
[BlackElo "2218"]
[PlyCount "55"]
[GameId "2160767911555405"]
[EventDate "2001.07.21"]
[EventType "swiss"]
[EventRounds "9"]
[EventCountry "CAN"]

1. e4 c5 2. Nc3 e6 3. g3 a6 4. Bg2 Nc6 5. d3 Nf6 6. Nh3 d6 7. O-O Qc7 8. f4 Be7 9. g4 Nd7 10. a3 b5 11. Be3 Bf6 12. Kh1 b4 13. axb4 cxb4 14. Nb5 Qb8 15. Nxd6+ Qxd6 16. e5 Qc7 17. exf6 Nxf6 18. f5 h5 19. fxe6 Bxe6 20. Bf4 Qd7 21. Ng5 Bd5 22. Qe2+ Ne7 23. Rae1 Bxg2+ 24. Qxg2 Qd5 25. Ne4 Nxe4 26. Rxe4 Kf8 27. Rfe1 Re8 28. Rxe7 1-0

[Event "Quebec op"]
[Site "Montreal CAN"]
[Date "2001.07.21"]
[Round "1"]
[White "Beaulieu, Pierre"]
[Black "Khaziyeva, Dinara"]
[Result "1-0"]
[WhiteElo "2059"]
[BlackElo "1880"]
[PlyCount "65"]
[GameId "2160767911555406"]
[EventDate "2001.07.21"]
[EventType "swiss"]
[EventRounds "9"]
[EventCountry "CAN"]

1. e4 c5 2. Nc3 Nc6 3. g3 g6 4. Bg2 Bg7 5. f4 d6 6. d3 Nf6 7. h3 Rb8 8. Nf3 Nd7 9. O-O O-O 10. Ng5 Nd4 11. Nd5 e6 12. Ne3 e5 13. c3 Nc6 14. Nd5 exf4 15. gxf4 h6 16. Nf3 f5 17. Qe1 Nf6 18. Nh4 fxe4 19. dxe4 Nxd5 20. exd5 Ne7 21. Bd2 b5 22. Qe4 Nf5 23. Nxf5 Bxf5 24. Qf3 b4 25. Rfe1 Qh4 26. Re3 bxc3 27. Bxc3 Bxc3 28. bxc3 Rb1+ 29. Rxb1 Bxb1 30. Qd1 Bxa2 31. Qc2 Bc4 32. Qxg6+ Kh8 33. Be4 1-0

[Event "Quebec op"]
[Site "Montreal CAN"]
[Date "2001.07.21"]
[Round "1"]
[White "Belanger, Jacques"]
[Black "Soudre, Nicolas"]
[Result "0-1"]
[WhiteElo "1989"]
[BlackElo "2116"]
[PlyCount "58"]
[GameId "2160767911555407"]
[EventDate "2001.07.21"]
[EventType "swiss"]
[EventRounds "9"]
[EventCountry "CAN"]

1. e4 Nc6 2. d4 e5 3. dxe5 Nxe5 4. Nf3 Nxf3+ 5. Qxf3 Qf6 6. Qg3 Bc5 7. Nc3 Ne7 8. Be3 Bxe3 9. Qxe3 d6 10. Be2 O-O 11. O-O a6 12. f4 Re8 13. Qg3 d5 14. e5 Qb6+ 15. Rf2 Nf5 16. Qg5 h6 17. Qh5 Qxb2 18. Rb1 Qxc3 19. Rb3 Qc5 20. g4 Nd4 21. Re3 Nxe2+ 22. Rexe2 g6 23. Qh4 Qe7 24. Qg3 Bd7 25. h4 Kh7 26. f5 gxf5 27. g5 h5 28. Qf3 Kg6 29. Qxd5 Be6 0-1

[Event "Quebec op"]
[Site "Montreal CAN"]
[Date "2001.07.21"]
[Round "1"]
[White "Chabot, Roland"]
[Black "Rozentalis, Eduardas"]
[Result "0-1"]
[WhiteElo "2225"]
[BlackElo "2588"]
[PlyCount "78"]
[GameId "2160767911555408"]
[EventDate "2001.07.21"]
[EventType "swiss"]
[EventRounds "9"]
[EventCountry "CAN"]
[SourceTitle "EXT 2002"]
[Source "ChessBase"]
[SourceDate "2001.11.25"]
[SourceVersion "1"]
[SourceVersionDate "2001.11.25"]
[SourceQuality "1"]

1. d4 Nf6 2. c4 e6 3. Nc3 Bb4 4. e3 O-O 5. Bd3 d5 6. Nf3 c5 7. O-O cxd4 8. exd4 dxc4 9. Bxc4 b6 10. Re1 Bb7 11. Bg5 Nbd7 12. Rc1 Rc8 13. Bd3 Bxc3 14. bxc3 Qc7 15. Qe2 Rfe8 16. Bh4 Qf4 17. Bg3 Qg4 18. Ba6 Bxa6 19. Qxa6 h6 20. Qxa7 Ra8 21. Qb7 Rxa2 22. c4 Rea8 23. Ne5 Nxe5 24. dxe5 Nh5 25. Qxb6 R8a3 26. Qb8+ Kh7 27. Qb1+ g6 28. Qe4 Qxe4 29. Rxe4 Rc2 30. Rce1 Raa2 31. Rf1 g5 32. Re3 Kg6 33. h3 Ng7 34. Bh2 Rxc4 35. g4 h5 36. Rg3 Re2 37. gxh5+ Nxh5 38. Re3 Ra2 39. Rfe1 Kf5 0-1

[Event "Quebec op"]
[Site "Montreal CAN"]
[Date "2001.07.21"]
[Round "1"]
[White "Dubuc, Gabriel"]
[Black "St Amand, Paul Jr"]
[Result "0-1"]
[WhiteElo "2023"]
[BlackElo "2126"]
[PlyCount "192"]
[GameId "2160767911555410"]
[EventDate "2001.07.21"]
[EventType "swiss"]
[EventRounds "9"]
[EventCountry "CAN"]

1. e4 c5 2. Nc3 Nc6 3. g3 g6 4. Bg2 Bg7 5. Nf3 e5 6. d3 d6 7. Be3 Nge7 8. Qd2 Nd4 9. Nh4 O-O 10. O-O Be6 11. Nd1 Qd7 12. c3 Ndc6 13. Bh6 d5 14. Bxg7 Kxg7 15. f4 f5 16. exf5 Nxf5 17. Nxf5+ Rxf5 18. Ne3 Rff8 19. fxe5 Nxe5 20. d4 Nc4 21. Qe2 cxd4 22. Nxc4 dxc4 23. Qe5+ Kg8 24. cxd4 Rxf1+ 25. Rxf1 Rd8 26. Bxb7 Qxd4+ 27. Qxd4 Rxd4 28. Bf3 Kg7 29. Re1 Kf6 30. Kf2 c3 31. bxc3 Rd2+ 32. Re2 Rxa2 33. Ke3 Ke5 34. Kd3+ Rxe2 35. Bxe2 Kd5 36. Bf3+ Kc5 37. Kc2 a5 38. Kb2 h6 39. h4 Bd5 40. Be2 Bc4 41. Bf3 Bd3 42. Bd1 Kb5 43. Bg4 Kc5 44. Bf3 Kc4 45. Bb7 Bf5 46. Ba6+ Kd5 47. Bb7+ Kc5 48. Bf3 a4 49. Be2 Be4 50. Ka3 Bc6 51. Bd3 Be8 52. Kb2 g5 53. hxg5 hxg5 54. Ka3 Bb5 55. Bf5 Kc4 56. Kb2 a3+ 57. Kxa3 Kxc3 58. Bg4 Bc6 59. Bf5 Bd5 60. Bg4 Kd4 61. Kb2 Ke3 62. Bf5 Bf3 63. g4 Kf4 64. Kc3 Bxg4 65. Bc2 Ke3 66. Bg6 Be6 67. Bh5 Bd5 68. Bg6 Be6 69. Bd3 Kf4 70. Kd2 Bf5 71. Bf1 g4 72. Be2 g3 73. Ke1 Ke3 74. Bf1 Kf3 75. Bb5 Kg2 76. Bc6+ Kg1 77. Ke2 Bh3 78. Kf3 Kh2 79. Kf4 Bf1 80. Bd5 Bg2 81. Bc4 Bc6 82. Bf1 Bb5 83. Bxb5 g2 84. Ke5 g1=Q 85. Kd5 Qe3 86. Kc4 Qd2 87. Kc5 Kg3 88. Kb6 Qc3 89. Bc6 Kf4 90. Kc7 Ke5 91. Kb7 Qc5 92. Kc7 Ke6 93. Kb7 Kd6 94. Be8 Qc7+ 95. Ka6 Kc5 96. Bb5 Qb6# 0-1